Dictionnaire analogique de la langue française (Record no. 152309)

MARC details
000 -LEADER
campo de control de longitud fija 00820nam a22002175i 4500
001 - NÚMERO DE CONTROL
campo de control 152309
003 - IDENTIFICADOR DE NÚMERO DE CONTROL
campo de control ES-MaACL
005 - FECHA Y HORA DE LA ÚLTIMA TRANSACCIÓN
campo de control 20230906204631.0
008 - DATOS DE LONGITUD FIJA--INFORMACIÓN GENERAL
campo de control de longitud fija 051017q18621880fr | |||||||| ||fre d
040 ## - FUENTE DE CATALOGACIÓN
Centro catalogador/agencia de origen CAM
Lengua de catalogación spa
Centro/agencia transcriptor CAM
100 1# - ENTRADA PRINCIPAL--NOMBRE DE PERSONA
Nombre de persona Boissière, Prudence.
9 (RLIN) 126042
245 10 - MENCIÓN DEL TÍTULO
Título Dictionnaire analogique de la langue française
Resto del título : répertoire complet des mots par les idées et des idées par les mots /
Mención de responsabilidad, etc. par P. Boissière.
250 ## - MENCION DE EDICION
Mención de edición 4e éd.
260 ## - PUBLICACIÓN, DISTRIBUCIÓN, ETC.
Lugar de publicación, distribución, etc. Paris :
Nombre del editor, distribuidor, etc. Aug. Boyer et C., libraires-éditeurs,
Fecha de publicación, distribución, etc. [s.a.] (
Fabricante Ve. P. Larousse et C.)
300 ## - DESCRIPCIÓN FÍSICA
Extensión XI, IV, 1439 p. ;
Dimensiones 27 cm.
596 ## - NOTA AL PIE DE IMPRENTA
NOTA AL PIE DE IMPRENTA La 3ª ed. es de 1862.
650 #4 - PUNTO DE ACCESO ADICIONAL DE MATERIA--TÉRMINO DE MATERIA
Término de materia o nombre geográfico como elemento de entrada Lengua francesa-
Subdivisión general Diccionarios analógicos.
9 (RLIN) 221846
700 1# - ENTRADA AGREGADA--NOMBRE PERSONAL
Nombre de persona Boyer, Auguste et C.,
Término indicativo de función/relación
9 (RLIN) 126138
852 ## - LOCALIZACIÓN
Ubicación ES-MaACL
Número de control de estantería B-11289
Nota libre -- Enc. hol.
Holdings
Estatus retirado Estado de pérdida Estado de daño No para préstamo Biblioteca de origen Biblioteca actual Ubicación en estantería Fecha de adquisición Fuente de adquisición Total de préstamos Signatura topográfica completa Código de barras Visto por última vez Precio de reemplazo Tipo de ítem Koha
        Biblioteca del Ateneo de Madrid Biblioteca del Ateneo de Madrid Sala Pardo Bazán 17/01/2008     B-11289 1159023 23/02/2023 23/02/2023 Libro impreso